000 nam a22 a 4500
999 _c2000
_d2000
003 AKMAL
005 20170512161832.0
008 170512s1996 myw 00 may d
020 _a9839827030 (kkt.):
_cpercuma
040 _aAKMAL
_cAKMAL
043 _aa-my---
049 0 0 _amal
082 0 4 _a354.595006 PER
_221
090 2 0 _a354.595006
_bPER
245 0 0 _aPerkhidmatan awam Malaysia :
_bke arah kecemerlangan melalui ISO 9000 (pembaharuan dan kemajuan dalam perkhidmatan awam 1996)
260 _aKuala Lumpur :
_bUnit Pemodenan Tadbiran Malaysia (MAMPU),
_c1996
300 0 0 _axiv, 241ms. :
_bil. wrn. ;
_c21cm
650 0 _aCivil service
_zMalaysia
_9420
650 0 _aPublic administration
_zMalaysia
_9419
650 0 _aQuality control
_xStandards
_zMalaysia
_94152
650 0 _aISO 9000 Series Standards
_9546
710 2 _aMalaysia
_9400
942 _2ddc
_cBOOK